[Event "XXXIV Open Internacional de Barbera del Valles - G
[Site "Barbera del Valles (Spain)"]
[Date "2011.07.10"]
[Round "7"]
[Board "1"]
[White "ITURRIZAGA, Eduardo"]
[Black "GONZALEZ GARCIA, Jose"]
[Result "1/2-1/2"]
[WhiteElo "2603"]
[BlackElo "2522"]
[PlyCount "0"]
[EventDate "2011.07.04"]
[EventRounds "9"]
[EventCountry "ESP"]

1.d4 {[%clk 1:30] 2} Nf6 {[%clk 1:29] 2} 2.c4 {[%clk 1:31] 2} e6 {[%clk  1:29]}
3.g3 {[%clk 1:30]} d5 {[%clk 1:29]} 4.Nf3 {[%clk 1:31]} Bb4+ {[%clk  1:30]}
5.Bd2 {[%clk 1:31]} Be7 {[%clk 1:30]} 6.Bg2 {[%clk 1:32]} O-O {[%clk  1:30]}
7.O-O {[%clk 1:32]} c6 {[%clk 1:30]} 8.Qc2 {[%clk 1:32]} b6 {[%clk  1:31]} 9.Rd1
{[%clk 1:29]} Bb7 {[%clk 1:28]} 10.Bf4 {[%clk 1:29]} Nbd7 {[%clk 1:28]} 11.Nc3
{[%clk 1:29]} dxc4 {[%clk 1:28]} 12.Nd2 {[%clk 1:30]} Nd5 {[%clk 1:28]} 13.Nxc4
{[%clk 1:30]} Nxf4 {[%clk 1:28]} 14.gxf4 {[%clk  1:31]} Qc7 {[%clk 1:28]} 15.e3
{[%clk 1:31]} Rad8 {[%clk 1:28]} 16.a3 {[%clk  1:30]} c5 {[%clk 1:26]} 17.d5
{[%clk 1:25]} exd5 {[%clk 1:26]} 18.Nxd5 {[%clk 1:21]} Bxd5 {[%clk 1:26]}
19.Rxd5 {[%clk 1:22]} b5 {[%clk 1:27]} 20.Ne5 {[%clk 1:22]} Nxe5 {[%clk 1:27]}
21.Rxe5 {[%clk 1:22]} Bd6 {[%clk 1:27]} 22.Rd5 {[%clk 1:22]} Be7 {[%clk 1:27]}
23.a4 {[%clk 1:18]} a6 {[%clk 1:19]} 24.axb5 {[%clk 1:02]} axb5 {[%clk 1:19]}
25.b3 {[%clk 0:50]} Rxd5 {[%clk  1:09]} 26.Bxd5 {[%clk 0:50]} Qd7 {[%clk 1:08]}
27.Rd1 {[%clk 0:40]} Qg4+ {[%clk 1:05]} 28.Bg2 {[%clk 0:40]} c4 {[%clk 0:43]}
29.bxc4 {[%clk 0:38]} bxc4 {[%clk 0:43]} 30.h3 {[%clk 0:36]} Qc8 1/2-1/2

[Event "XXXIV Open Internacional de Barbera del Valles - G
[Site "Barbera del Valles (Spain)"]
[Date "2011.07.10"]
[Round "7"]
[Board "1"]
[White "L'AMI, Alina"]
[Black "HERNANDEZ CARMENATES, Holden"]
[Result "1-0"]
[WhiteElo "2312"]
[BlackElo "2570"]
[PlyCount "0"]
[EventDate "2011.07.04"]
[EventRounds "9"]
[EventCountry "ESP"]

1.d4 {[%clk 1:30]} Nf6 {[%clk 1:30]} 2.c4 {[%clk 1:31]} e6 {[%clk 1:31]} 3.Nc3
{[%clk 1:31]} Bb4 {[%clk 1:31]} 4.Qc2 {[%clk 1:31]} O-O {[%clk 1:32]} 5.e4
{[%clk 1:32]} d6 {[%clk 1:32]} 6.Bd3 {[%clk 1:30]} Nc6 {[%clk 1:32]} 7.Nge2
{[%clk 1:29]} Ba5 {[%clk 1:31]} 8.a3 {[%clk 1:27]} Bb6 {[%clk 1:29]} 9.e5 {[%clk
1:28]} dxe5 {[%clk 1:29]} 10.Bg5 {[%clk 1:28]} exd4 {[%clk 1:14]} 11.Ne4 {[%clk
1:26]} Ba5+ {[%clk 1:10]} 12.Kf1 {[%clk 1:06]} h6 {[%clk  1:04]} 13.Nxf6+ {[%clk
0:44]} gxf6 {[%clk 1:05]} 14.Bxh6 {[%clk 0:44]} Re8 {[%clk 1:05]} 15.b4 {[%clk
0:41]} f5 {[%clk 1:04]} 16.h4 {[%clk 0:39]} Bxb4 {[%clk 0:46]} 17.axb4 {[%clk
0:38]} Nxb4 {[%clk 0:46]} 18.Qd2 {[%clk 0:30]} c5 {[%clk 0:47]} 19.Rh3 {[%clk
0:28]} Kh7 {[%clk 0:45]} 20.Ra3 {[%clk  0:18.03]} Rg8 {[%clk 0:28] 0} 21.Bb1
{[%clk 0:17.02]} Bd7 {[%clk 0:27] 2} 22.Rag3 {[%clk 0:13.14]} Qa5 {[%clk 0:25]
4} 23.Nf4 {[%clk 0:12.03] [%clk  0:12.03]} Nc6 {[%clk 0:10.04]} 24.Qd1 {[%clk
0:08.56]} Rxg3 {[%clk  0:05.01]} 25.Rxg3 {[%clk 0:09.19]} Rg8 {[%clk 0:04.28]}
26.Bg5 1-0

[Event "XXXIV Open Internacional de Barbera del Valles - G
[Site "Barbera del Valles (Spain)"]
[Date "2011.07.10"]
[Round "7"]
[Board "1"]
[White "CUARTAS, Jaime Alexander"]
[Black "GONZALEZ PEREZ, Arian"]
[Result "1/2-1/2"]
[WhiteElo "2542"]
[BlackElo "2490"]
[PlyCount "0"]
[EventDate "2011.07.04"]
[EventRounds "9"]
[EventCountry "ESP"]

1.e4 c5 2.Nf3 Nc6 3.d4 cxd4 4.Nxd4 Nf6 5.Nc3 e5 6.Ndb5 d6 7.Bg5 a6 8.Bxf6 gxf6
9.Na3 b5 10.Nd5 f5 11.c3 Bg7 12.exf5 Bxf5 13.Nc2 O-O 14.Nce3 Be6 15.Bd3 f5
16.Bc2 f4 17.Qh5 Rf7 18.Bxh7+ Kf8 19.Bf5 Qe8 20.Bxe6 Qxe6 21.Qg4 Qh6 22.Nf5 Qe6
23.Nfe3 Qh6 24.Nf5 Qe6 25.Nfe3 Qh6 26.Nf5 Qe6 27.Nfe3 Qh6 28.Nf5 Qe6 29.Nfe3 Qh6
30.Nf5 Qe6 31.Nfe3 1/2-1/2

[Event "XXXIV Open Internacional de Barbera del Valles - G
[Site "Barbera del Valles (Spain)"]
[Date "2011.07.10"]
[Round "7"]
[Board "1"]
[White "GOMEZ JURADO, Luis Alberto"]
[Black "CANAL OLIVERAS, Joan"]
[Result "0-1"]
[WhiteElo "2353"]
[BlackElo "2247"]
[PlyCount "84"]
[EventDate "2011.07.04"]
[EventRounds "9"]
[EventCountry "ESP"]

1.c4 f5 2.g3 Nf6 3.Bg2 e6 4.Nf3 d5 5.O-O c6 6.d3 dxc4 7.dxc4 Qxd1 8.Rxd1 Nbd7
9.b3 a5 10.Nc3 Bc5 11.Bb2 O-O 12.Bh3 Ng4 13.e3 Ndf6 14.Na4 Ba7 15.Bxg4 fxg4
16.Ne5 b5 17.Nc3 b4 18.Na4 Ne4 19.c5 Nxf2 20.Rf1 Nh3+ 21.Kg2 Ba6 22.Rxf8+ Rxf8
23.Nxg4 h5 24.Ne5 Nf2 25.Ng6 Rf7 26.Nf4 Ng4 27.Re1 e5 28.h3 exf4 29.hxg4 f3+
30.Kf2 hxg4 31.Rd1 Bc8 32.Be5 Rf5 33.Rd8+ Kh7 34.Rxc8 Rxe5 35.Rxc6 Rh5 36.Rc8
Rh2+ 37.Kf1 Rc2 38.e4 Kg6 39.Rc6+ Kg5 40.Rc7 Bb8 41.Rxg7+ Kh5 42.Rh7+ Kg6 0-1

[Event "XXXIV Open Internacional de Barbera del Valles - G
[Site "Barbera del Valles (Spain)"]
[Date "2011.07.10"]
[Round "7"]
[Board "1"]
[White "DESHPANDE, Aniruddha"]
[Black "KASHTANOV, Ruslan"]
[Result "0-1"]
[WhiteElo "2228"]
[BlackElo "2360"]
[PlyCount "178"]
[EventDate "2011.07.04"]
[EventRounds "9"]
[EventCountry "ESP"]

1.d4 Nf6 2.Nf3 e6 3.g3 b5 4.Bg2 Bb7 5.O-O c5 6.c3 Na6 7.Ne5 Bxg2 8.Kxg2 Qb6 9.a4
b4 10.Bg5 Be7 11.Kg1 cxd4 12.cxd4 h6 13.Bxf6 Bxf6 14.e3 Rc8 15.Nd3 O-O 16.Nd2
Rc7 17.Qh5 Rc2 18.Ne4 Be7 19.Rfc1 b3 20.Rxc2 bxc2 21.Rc1 Qb3 22.Qb5 Qxb5 23.axb5
Nc7 24.Rxc2 Nxb5 25.Ne5 Rd8 26.Rc1 f6 27.Nd3 Kf7 28.Ra1 Rb8 29.Ra5 Ke8 30.Kg2
Rb6 31.g4 a6 32.Nec5 Nc7 33.h3 d6 34.Ne4 Rb3 35.Nc3 Kd7 36.Kf3 d5 37.Ke2 Kc8
38.Ra2 Kd7 39.Na4 Kc6 40.Ra1 Rb8 41.Rc1+ Kd7 42.Rc2 Bd6 43.f4 Rb5 44.h4 Rb8
45.Rc1 Ke7 46.Nac5 Bxc5 47.Rxc5 Kd6 48.Ra5 h5 49.g5 Rb3 50.Kd2 Rb8 51.Ra1 Ke7
52.Rc1 Ne8 53.Rc6 a5 54.Kc2 Nd6 55.Rc7+ Kf8 56.Nc5 Re8 57.Nd7+ Kg8 58.gxf6 Nf5
59.fxg7 Kxg7 60.Ne5+ Kg8 61.Kd3 Nxh4 62.Rc1 Nf5 63.Rg1+ Kh7 64.Rg5 h4 65.e4
dxe4+ 66.Kxe4 Rb8 67.Nd7 Rd8 68.Nf6+ Kh6 69.d5 Ng3+ 70.Kf3 exd5 71.Nxd5 Nh5
72.Kg4 Rxd5 73.Kxh4 Nxf4 74.Rg8 Rb5 75.Ra8 Nd3 76.b3 Nc1 77.Ra6+ Kg7 78.Kg4 Nxb3
79.Kf3 Nc5 80.Ra7+ Kf6 81.Ke3 Ke5 82.Kd2 Kd4 83.Kc2 Kc4 84.Ra8 a4 85.Ra7 Rb8
86.Ra5 Rh8 87.Kb2 Kb4 88.Ra7 Rh2+ 89.Kb1 Kb3 0-1

[Event "XXXIV Open Internacional de Barbera del Valles - G
[Site "Barbera del Valles (Spain)"]
[Date "2011.07.10"]
[Round "7"]
[Board "1"]
[White "BAS MAS, Jose Joaquin"]
[Black "SANDE EDREIRA, Jose Antonio"]
[Result "1-0"]
[WhiteElo "2194"]
[BlackElo "2348"]
[PlyCount "95"]
[EventDate "2011.07.04"]
[EventRounds "9"]
[EventCountry "ESP"]

1.e4 c5 2.Nf3 Nc6 3.d4 cxd4 4.Nxd4 g6 5.c4 Bg7 6.Be3 Nf6 7.Nc3 O-O 8.Be2 d6
9.O-O Bd7 10.Qd2 Nxd4 11.Bxd4 Bc6 12.f3 a5 13.b3 Nd7 14.Be3 Nc5 15.Rab1 e6
16.Rfc1 f5 17.exf5 gxf5 18.Rc2 Be5 19.Kh1 b6 20.Bf1 Qh4 21.Bg1 Rf6 22.Qf2 Qh5
23.a3 Rh6 24.h3 Rg6 25.Ne2 Kh8 26.Bh2 Bxh2 27.Kxh2 e5 28.b4 axb4 29.axb4 Nd7
30.Nc3 Qg5 31.Nd5 Bxd5 32.cxd5 Rag8 33.Rc4 Nf6 34.Rd1 f4 35.Rd2 b5 36.Rc7 e4
37.fxe4 Nxe4 38.Qd4+ Qe5 39.Qxe5+ dxe5 40.Ra2 f3 41.gxf3 Ng3 42.Bd3 e4 43.fxe4
Nh5 44.e5 Rh6 45.Raa7 Ng7 46.d6 Rh4 47.e6 Rxb4 48.Rxg7 1-0

[Event "XXXIV Open Internacional de Barbera del Valles - G
[Site "Barbera del Valles (Spain)"]
[Date "2011.07.10"]
[Round "7"]
[Board "1"]
[White "ARANAZ MURILLO, Amalia"]
[Black "DOMINGUEZ PONS, Eric"]
[Result "1/2-1/2"]
[WhiteElo "2176"]
[BlackElo "2344"]
[PlyCount "86"]
[EventDate "2011.07.04"]
[EventRounds "9"]
[EventCountry "ESP"]

1.Nf3 d6 2.d4 Bg4 3.g3 Bxf3 4.exf3 g6 5.Bg2 Bg7 6.O-O e6 7.c3 Ne7 8.Nd2 Nd7 9.f4
Rb8 10.Re1 O-O 11.a4 b6 12.Nc4 Nf6 13.Qd3 Qd7 14.Ne3 Rfe8 15.Rd1 a5 16.b4 Nfd5
17.Bd2 c6 18.Rab1 Rec8 19.bxa5 bxa5 20.Nc4 c5 21.dxc5 dxc5 22.Qc2 Qc7 23.Rb5 Ra8
24.Ne3 Ra7 25.Nxd5 Nxd5 26.Bxd5 exd5 27.Be3 d4 28.cxd4 cxd4 29.Qxc7 Raxc7 30.Bd2
Ra8 31.Rdb1 Rc4 32.Rb8+ Rc8 33.Rxc8+ Rxc8 34.Bxa5 f5 35.Bb6 d3 36.Rd1 Rc3 37.Kg2
Ra3 38.a5 Bb2 39.Kf3 d2+ 40.Ke2 Bc1 41.Be3 Rxa5 42.Bxd2 Bxd2 43.Rxd2 Ra7 1/2-1/2

[Event "XXXIV Open Internacional de Barbera del Valles - G
[Site "Barbera del Valles (Spain)"]
[Date "2011.07.10"]
[Round "7"]
[Board "1"]
[White "MARTIN CAPITAN, Feliciano"]
[Black "SANCHEZ IBERN, Marc"]
[Result "0-1"]
[WhiteElo "2133"]
[BlackElo "2327"]
[PlyCount "44"]
[EventDate "2011.07.04"]
[EventRounds "9"]
[EventCountry "ESP"]

1.e4 c5 2.c4 Nc6 3.Nc3 g6 4.g3 Bg7 5.Bg2 a6 6.Nge2 b5 7.d3 Rb8 8.O-O d6 9.Rb1
Bd7 10.Bf4 h5 11.b3 h4 12.gxh4 Rxh4 13.Bg3 Rh8 14.Nd5 Nf6 15.f4 Ng4 16.f5 e6
17.Nef4 Bd4+ 18.Kh1 Nce5 19.fxe6 fxe6 20.Nxg6 exd5 21.Nxh8 Qg5 22.Rf4 Qxf4 0-1

[Event "XXXIV Open Internacional de Barbera del Valles - G
[Site "Barbera del Valles (Spain)"]
[Date "2011.07.10"]
[Round "7"]
[Board "1"]
[White "THAKUR, Akash"]
[Black "SILVA RODRIGUEZ, Julio"]
[Result "1-0"]
[WhiteElo "2327"]
[BlackElo "2133"]
[PlyCount "77"]
[EventDate "2011.07.04"]
[EventRounds "9"]
[EventCountry "ESP"]

1.e4 e6 2.d4 d5 3.exd5 exd5 4.Bd3 Bd6 5.Nf3 Bg4 6.O-O Ne7 7.Nbd2 Nbc6 8.c3 Qd7
9.Qc2 O-O-O 10.b4 Rde8 11.a4 f6 12.a5 g5 13.b5 Nd8 14.Ba3 Ne6 15.b6 a6 16.bxc7
Qxc7 17.Bxd6 Qxd6 18.Rfb1 Nf4 19.Rb6 Qd7 20.Rxf6 Ng8 21.Rb6 h5 22.Ne5 Rxe5
23.dxe5 Ne7 24.c4 Qc7 25.Rab1 Rd8 26.Rxb7 Qxb7 27.Rxb7 Kxb7 28.Qb3+ Kc8 29.cxd5
Rxd5 30.Bxa6+ Kd7 31.h3 Be6 32.Qa4+ Kd8 33.Nc4 Rd4 34.Qb4 Rd1+ 35.Kh2 Bd5
36.Qb8+ Kd7 37.Bb5+ Ke6 38.Qd6+ Kf5 39.Ne3+ 1-0

[Event "XXXIV Open Internacional de Barbera del Valles - G
[Site "Barbera del Valles (Spain)"]
[Date "2011.07.10"]
[Round "7"]
[Board "1"]
[White "BYSTROV, Sergej M"]
[Black "BALS HERNANDEZ, Jordi"]
[Result "1-0"]
[WhiteElo "2300"]
[BlackElo "2089"]
[PlyCount "39"]
[EventDate "2011.07.04"]
[EventRounds "9"]
[EventCountry "ESP"]

1.e4 c5 2.Nc3 Nc6 3.f4 g6 4.Nf3 Bg7 5.Bc4 e6 6.O-O Nge7 7.d3 d5 8.Bb3 O-O 9.Qe1
Nd4 10.Nxd4 cxd4 11.Ne2 dxe4 12.dxe4 Nc6 13.Ng3 Na5 14.f5 Nxb3 15.axb3 e5 16.Qf2
Bf6 17.c3 Be7 18.Kh1 b6 19.Bh6 Bb7 20.Bxf8 1-0

[Event "XXXIV Open Internacional de Barbera del Valles - G
[Site "Barbera del Valles (Spain)"]
[Date "2011.07.10"]
[Round "7"]
[Board "1"]
[White "DO SANTOS JULIO, Joao Manuel"]
[Black "SIMON PADROS, Emili"]
[Result "1/2-1/2"]
[WhiteElo "2104"]
[BlackElo "2279"]
[PlyCount "154"]
[EventDate "2011.07.04"]
[EventRounds "9"]
[EventCountry "ESP"]

1.e4 e6 2.d4 d5 3.e5 c5 4.c3 Nc6 5.a3 Qb6 6.Nf3 c4 7.Nbd2 Na5 8.Rb1 Bd7 9.g3 Ne7
10.Bg2 Nb3 11.Nxb3 Ba4 12.Nfd2 Nc6 13.Qg4 Bxb3 14.Nxb3 Qxb3 15.O-O h5 16.Qg5 Qc2
17.Be3 Qh7 18.h4 Be7 19.Qf4 Na5 20.Rbe1 Qg6 21.Bf3 O-O-O 22.Bd1 f5 23.Kh1 Qe8
24.Qf3 Qg8 25.Qe2 g5 26.Rg1 Qf7 27.hxg5 h4 28.Kg2 hxg3 29.fxg3 Rdg8 30.Qd2 Nb3
31.Bxb3 cxb3 32.Rh1 Qg6 33.Bf4 Rxh1 34.Rxh1 Bxg5 35.Bxg5 Qxg5 36.Qxg5 Rxg5
37.Kf3 Kd7 38.Rh6 Rg7 39.Kf2 b5 40.Kf3 Re7 41.Rh8 Kc6 42.Rd8 a5 43.Rd6+ Kb7
44.Kf4 Rc7 45.Rxe6 Rxc3 46.Re7+ Kb6 47.Re6+ Kb7 48.Rd6 b4 49.a4 Rc2 50.Rxd5 Rxb2
51.Rxa5 Rb1 52.Rb5+ Kc6 53.d5+ Kc7 54.Rxb4 b2 55.Kg5 f4 56.gxf4 Rg1+ 57.Kf6 b1=Q
58.Rxb1 Rxb1 59.Ke7 Rb7 60.d6+ Kc8+ 61.Ke8 Rh7 62.f5 Rh8+ 63.Ke7 Rh7+ 64.Ke6 Kd8
65.Kd5 Ra7 66.e6 Ra5+ 67.Ke4 Rxa4+ 68.Ke5 Ra5+ 69.Kf6 Rd5 70.d7 Ra5 71.Kg6 Re5
72.Kf6 Ra5 73.Kg5 Rb5 74.Kf4 Rb4+ 75.Ke5 Rb5+ 76.Kd6 Rb6+ 77.Kc5 Rd6 1/2-1/2

[Event "XXXIV Open Internacional de Barbera del Valles - G
[Site "Barbera del Valles (Spain)"]
[Date "2011.07.10"]
[Round "7"]
[Board "1"]
[White "CRUZ LLEDO, Pablo"]
[Black "VILARNOVO CAAMANO, Jose"]
[Result "1-0"]
[WhiteElo "2269"]
[BlackElo "2061"]
[PlyCount "41"]
[EventDate "2011.07.04"]
[EventRounds "9"]
[EventCountry "ESP"]

1.d4 e6 2.c4 f5 3.Nc3 Nf6 4.e3 Be7 5.Bd3 O-O 6.Qc2 d5 7.Nge2 c6 8.O-O a6 9.f3
Qc7 10.e4 fxe4 11.fxe4 Nxe4 12.Bf4 Rxf4 13.Nxf4 Nf6 14.cxd5 Bd6 15.Nxe6 Bxe6
16.dxe6 Bxh2+ 17.Kh1 Qg3 18.Rf3 Qh4 19.Rh3 Qxd4 20.Bxh7+ Kf8 21.Rxh2 1-0

[Event "XXXIV Open Internacional de Barbera del Valles - G
[Site "Barbera del Valles (Spain)"]
[Date "2011.07.10"]
[Round "7"]
[Board "1"]
[White "GARCIA DE LOMAS GUERRERO, Carlo"]
[Black "OBON TEMPRANO, Sergi"]
[Result "0-1"]
[WhiteElo "1980"]
[BlackElo "2255"]
[PlyCount "166"]
[EventDate "2011.07.04"]
[EventRounds "9"]
[EventCountry "ESP"]

1.e4 e6 2.Nf3 d5 3.Nc3 dxe4 4.Nxe4 Bd7 5.d4 Bc6 6.Neg5 Be7 7.Bd3 Nd7 8.Qe2 Bxf3
9.Nxf3 Ngf6 10.h3 c6 11.O-O O-O 12.c4 Re8 13.b3 Qa5 14.Bd2 Bb4 15.Bxb4 Qxb4
16.Rae1 Rad8 17.Qc2 Qd6 18.Qc3 Nf8 19.Bc2 Ng6 20.Bxg6 hxg6 21.Re3 Re7 22.Rfe1
Qc7 23.Nd2 Red7 24.Nf3 Rd6 25.R3e2 Qe7 26.Qe3 a6 27.Rd2 Qc7 28.Red1 Qa5 29.Qe5
Qc7 30.Qe3 Qe7 31.Qe5 R6d7 32.Qe3 Qb4 33.Ne5 Re7 34.Nf3 Ne8 35.Qg5 Red7 36.Qh4
Qe7 37.Qxe7 Rxe7 38.d5 exd5 39.cxd5 c5 40.Ne1 Red7 41.Nc2 Nc7 42.Ne3 f5 43.g3
Nb5 44.Kg2 Nc3 45.Rc1 Nxd5 46.Nxd5 Rxd5 47.Re2 b6 48.Re6 R5d6 49.Re7 R8d7 50.Re2
Kf7 51.Rcc2 Re7 52.Rxe7+ Kxe7 53.Kf3 Rd4 54.Ke3 Kd6 55.h4 Kd5 56.Rb2 b5 57.Rb1
Re4+ 58.Kf3 a5 59.Rd1+ Rd4 60.Re1 c4 61.bxc4+ bxc4 62.Re7 c3 63.Ke3 c2 64.Rc7
Rc4 65.Rxc4 Kxc4 66.Kd2 c1=Q+ 67.Kxc1 Kc3 68.Kd1 Kb2 69.Kd2 Kxa2 70.Kc2 Ka3
71.Kc3 a4 72.f3 g5 73.hxg5 g6 74.f4 Ka2 75.Kd4 Kb3 76.Ke5 a3 77.Kf6 a2 78.Kxg6
a1=Q 79.Kxf5 Qg7 80.g6 Kc4 81.Kg5 Kd5 82.f5 Ke5 83.g4 Qh8 0-1

[Event "XXXIV Open Internacional de Barbera del Valles - G
[Site "Barbera del Valles (Spain)"]
[Date "2011.07.11"]
[Round "8"]
[Board "1"]
[White "L'AMI, Alina"]
[Black "GEORGIEV, Kiril"]
[Result "0-1"]
[WhiteElo "2312"]
[BlackElo "2654"]
[PlyCount "0"]
[EventDate "2011.07.04"]
[EventRounds "9"]
[EventCountry "ESP"]

1.d4 f5 2.c4 Nf6 3.g3 g6 4.Bg2 Bg7 5.Nf3 O-O 6.O-O d6 7.Nc3 c6 8.b3 Na6 9.Bb2
Qe8 10.Re1 Ne4 11.Nxe4 fxe4 12.Nd2 d5 13.cxd5 cxd5 14.f3 exf3 15.Nxf3 Bf5 16.Ne5
Rd8 17.Qd2 Qb5 18.Ba3 Qb6 19.e3 Qe6 20.Nd3 g5 21.Rac1 Rd7 22.Rf1 h6 23.Ne5 Rdd8
24.Qe2 Bxe5 25.dxe5 Be4 26.Bxe4 dxe4 27.Qc4 Qxc4 28.Rxc4 Rxf1+ 29.Kxf1 Rd1+
30.Ke2 Ra1 31.Bxe7 Kf7 32.Bd6 Rxa2+ 33.Kd1 Ke6 34.Rc8 Rxh2 35.Rg8 Rb2 36.Rg6+
Kd5 37.Rg7 Rxb3 38.Kc2 Rb6 39.Rd7 Nc5 40.Rd8 Rc6 41.Kb1 Nd3 42.Bb8+ Ke6 43.Re8+
Kd7 44.Rh8 Re6 45.Rh7+ Kc6 46.Rc7+ Kb5 47.Bxa7 b6 48.Bb8 Nxe5 49.Kb2 Re8 0-1

[Event "XXXIV Open Internacional de Barbera del Valles - G
[Site "Barbera del Valles (Spain)"]
[Date "2011.07.11"]
[Round "8"]
[Board "1"]
[White "AROSHIDZE, Levan"]
[Black "LEON HOYOS, Manuel"]
[Result "1-0"]
[WhiteElo "2539"]
[BlackElo "2548"]
[PlyCount "0"]
[EventDate "2011.07.04"]
[EventRounds "9"]
[EventCountry "ESP"]

1.e4 c5 2.Nf3 Nc6 3.Bb5 d6 4.d4 cxd4 5.Qxd4 Bg4 6.Qd3 Nf6 7.Nc3 Nd7 8.Nd4 Rc8
9.f3 Nde5 10.Qe2 Bd7 11.Nxc6 bxc6 12.Ba6 Rb8 13.f4 Ng6 14.g3 e6 15.b3 d5 16.Bd2
Bb4 17.Bd3 Ne7 18.a3 Bc5 19.Na4 Bd4 20.c3 dxe4 21.Bxe4 Bb6 22.Nxb6 axb6 23.c4 c5
24.Bc3 O-O 25.O-O-O f5 26.Bf3 Qe8 27.Rd6 Rd8 28.Rhd1 Rf7 29.Bh5 Ng6 30.Qd3 Re7
31.Bxg6 hxg6 32.Rxb6 Ra8 33.Rd6 Ra7 34.Bb2 Kh7 35.Qe3 Qc8 36.h4 Rb7 37.R1d3 Qb8
38.Be5 Qa7 39.Kb2 Re8 40.Qd2 Ra8 41.Rxd7 Qxa3+ 42.Kc2 1-0

[Event "XXXIV Open Internacional de Barbera del Valles - G
[Site "Barbera del Valles (Spain)"]
[Date "2011.07.11"]
[Round "8"]
[Board "1"]
[White "PERALTA, Fernando"]
[Black "ITURRIZAGA, Eduardo"]
[Result "1/2-1/2"]
[WhiteElo "2601"]
[BlackElo "2603"]
[PlyCount "0"]
[EventDate "2011.07.04"]
[EventRounds "9"]
[EventCountry "ESP"]

1.d4 g6 2.c4 Bg7 3.Nc3 d6 4.Nf3 Nf6 5.e4 O-O 6.Be2 c5 7.d5 e6 8.O-O exd5 9.exd5
Re8 10.Bf4 Ne4 11.Nxe4 Rxe4 12.Bg5 Bf6 13.Bd3 Re8 14.Qd2 Bxg5 15.Nxg5 f6 16.Ne6
Bxe6 17.dxe6 Nc6 18.Be4 Kg7 19.Bxc6 bxc6 20.Rfe1 d5 21.Rad1 Rb8 22.cxd5 cxd5
23.Qxd5 Qxd5 24.Rxd5 Rxb2 25.Rd7+ Kg8 26.g3 Rb6 27.Rc1 Rbxe6 28.Rxc5 R8e7
29.Rd8+ Kg7 30.Ra5 Rc6 31.Ra8 Rcc7 32.h4 Kh6 33.Ra6 f5 34.Ra4 1/2-1/2

[Event "XXXIV Open Internacional de Barbera del Valles - G
[Site "Barbera del Valles (Spain)"]
[Date "2011.07.11"]
[Round "8"]
[Board "1"]
[White "GONZALEZ GARCIA, Jose"]
[Black "NARCISO DUBLAN, Marc"]
[Result "1/2-1/2"]
[WhiteElo "2522"]
[BlackElo "2544"]
[PlyCount "0"]
[EventDate "2011.07.04"]
[EventRounds "9"]
[EventCountry "ESP"]

1.d4 f5 2.Nf3 c6 3.g3 Nf6 4.Bg2 g6 5.O-O Bg7 6.b3 O-O 7.Bb2 d5 8.Nbd2 Ne4 9.Ne5
Be6 10.f3 Nxd2 11.Qxd2 Nd7 12.Nd3 Qb6 13.e3 Bf7 14.a4 Rad8 15.a5 Qc7 16.a6 b6
17.f4 c5 18.Ne5 Nxe5 19.dxe5 Rd7 20.Qe2 Rfd8 21.Rfd1 Bf8 22.h3 e6 23.c4 d4
24.exd4 cxd4 25.Rd3 Be8 26.Kh2 Bb4 27.Rad1 Qc5 28.Qf2 Bc3 29.Qc2 Bxb2 30.Qxb2 g5
31.Rc1 gxf4 32.gxf4 Rg7 33.Rcd1 Bc6 34.Bxc6 Qxc6 35.Rxd4 Rxd4 36.Rxd4 h6 37.Qf2
Kh7 38.Rd6 Qc8 39.Qd2 Qc5 40.Rd4 Qc6 41.Rd6 Qc5 42.Rd4 Qc6 43.Qf2 Qc5 44.Qd2 1/2-1/2

[Event "XXXIV Open Internacional de Barbera del Valles - G
[Site "Barbera del Valles (Spain)"]
[Date "2011.07.11"]
[Round "8"]
[Board "1"]
[White "GONZALEZ PEREZ, Arian"]
[Black "VASSALLO BARROCHE, Mauricio"]
[Result "1-0"]
[WhiteElo "2490"]
[BlackElo "2416"]
[PlyCount "0"]
[EventDate "2011.07.04"]
[EventRounds "9"]
[EventCountry "ESP"]

1.d4 Nf6 2.c4 e6 3.Nf3 b6 4.g3 Bb7 5.Bg2 Bb4+ 6.Nbd2 O-O 7.O-O a5 8.Qc2 Bxd2
9.Bxd2 Be4 10.Qd1 d6 11.Bc3 Nbd7 12.b3 Qe7 13.Re1 c6 14.Bf1 d5 15.Nd2 Bg6 16.Bg2
c5 17.dxc5 Nxc5 18.Bxf6 Qxf6 19.cxd5 exd5 20.Nf3 Be4 21.Qd4 Qe7 22.Ne5 Rfe8
23.Bxe4 Qxe5 24.Qxe5 Rxe5 25.Bf3 Rd8 26.e3 Ne6 27.Bg4 d4 28.Bxe6 Rxe6 29.Rad1 f5
30.Rd3 Kf7 31.Red1 Red6 32.exd4 Ke6 33.Kg2 g6 34.h4 Rc8 35.Kf3 Kf6 36.R1d2 Rd5
37.Ke2 Rc6 38.Re3 Rcd6 39.Rc3 Re6+ 40.Kf3 h6 41.Rc4 Red6 42.Ke3 Re6+ 43.Kd3 Red6
44.Kc3 g5 45.hxg5+ hxg5 46.a4 f4 47.gxf4 g4 48.f3 1-0